[Event "Petrosian Mem"]
[Site "Stepanakert AZE"]
[Date "2004.03.09"]
[Round "1"]
[White "Sargissian,G"]
[Black "Pashikian,A"]
[Result "0-1"]
[WhiteElo "2618"]
[BlackElo "2451"]
[EventDate "2004.03.09"]

1. d4 Nf6 2. c4 g6 3. Nf3 Bg7 4. g3 O-O 5. Bg2 c6 6. O-O d6 7. Nc3 Qb6 8.
h3 Qa6 9. b3 b5 10. Nd2 Bb7 11. Bb2 Nbd7 12. e4 bxc4 13. Nxc4 d5 14. Ne5 e6
15. Na4 dxe4 16. Qc2 Rac8 17. Nc5 Nxc5 18. dxc5 Qb5 19. Rfe1 Ba6 20. Bxe4
Nxe4 21. Rxe4 Rfd8 22. Rf4 Rd5 23. Nxf7 e5 24. Nd6 Rxd6 25. cxd6 exf4 26.
d7 Rd8 27. Bxg7 Kxg7 28. Qc3+ Kh6 29. Rd1 Qf5 30. g4 Qg5 31. Qxc6 Be2 32.
Rd2 Bb5 33. Qc7 f3 34. Rd4 Qe7 35. Qc1+ Kg7 36. Qc3 Qe5 37. Qd2 Qe2 38. Qc1
Rxd7 39. Qa1 Kh6 40. Rxd7 Bxd7 41. Qd4 a6 42. Kh2 Bc6 43. Kg3 Qe7 44. h4 g5
45. h5 Bb5 46. Kh3 Bf1+ 47. Kg3 Bg2 48. Qb6+ Kg7 49. Qd4+ Kf7 50. Qd5+ Kf6
51. Qc6+ Qe6 0-1

[Event "Petrosian Mem"]
[Site "Stepanakert AZE"]
[Date "2004.03.09"]
[Round "1"]
[White "Anastasian,A"]
[Black "Pelletier,Y"]
[Result "1-0"]
[WhiteElo "2587"]
[BlackElo "2587"]
[EventDate "2004.03.09"]

1. d4 Nf6 2. Nf3 e6 3. c4 Bb4+ 4. Bd2 a5 5. g3 b6 6. Bg2 Bb7 7. O-O Bxd2 8.
Qxd2 O-O 9. Nc3 Ne4 10. Nxe4 Bxe4 11. Qf4 f5 12. d5 exd5 13. cxd5 h6 14.
Rfd1 Na6 15. Nd4 Bxg2 16. Kxg2 Qf6 17. Rac1 Rae8 18. e3 Re4 19. Qf3 Qe5 20.
Qe2 Nc5 21. Nf3 Qf6 22. Rd4 d6 23. h4 Rf7 24. Rcd1 g5 25. Qc2 Rg7 26. Kf1
Qg6 27. Kg2 Rge7 28. hxg5 hxg5 29. Rh1 Rg7 30. Rxe4 fxe4 31. Nd4 Qf7 32.
Qe2 g4 33. Rh4 Qf3+ 34. Kf1 Qxe2+ 35. Kxe2 Rg5 36. Nb5 Rg7 37. Nc3 Kf7 38.
Rh6 Ke8 39. Rf6 Kd7 40. Rf4 Nd3 41. Rxe4 Nxb2 42. Kd2 Rf7 43. Rf4 Rxf4 44.
exf4 c6 45. f3 gxf3 46. Ke3 b5 47. Kxf3 b4 48. dxc6+ Kxc6 49. Ne2 Kd5 50.
g4 a4 51. g5 Nd1 52. f5 Ke5 53. g6 Kf6 54. Nf4 b3 55. axb3 axb3 56. Nh5+
Ke7 57. f6+ Kf8 58. Nf4 b2 59. Ne6+ Ke8 60. f7+ Kd7 61. f8=Q b1=Q 62. Qf7+
Kc6 63. Qc7+ Kd5 64. Nf4+ Ke5 65. Qe7+ Kf5 66. Qe6+ 1-0

[Event "Petrosian Mem"]
[Site "Stepanakert AZE"]
[Date "2004.03.09"]
[Round "1"]
[White "Petrosian,TL"]
[Black "Asrian,K"]
[Result "1/2-1/2"]
[WhiteElo "2477"]
[BlackElo "2599"]
[EventDate "2004.03.09"]

1. e4 c6 2. d4 d5 3. Nd2 dxe4 4. Nxe4 Bf5 5. Qf3 e6 6. Bd3 Nf6 7. Nxf6+
Qxf6 8. Bxf5 Qxf5 9. Qxf5 exf5 10. Bf4 Kd7 11. Nf3 f6 12. O-O-O g5 13. Bxb8
Rxb8 14. d5 c5 15. Rhe1 Bd6 16. Re6 Rhf8 17. h3 b5 18. Rde1 Rb6 19. Kb1 h5
20. c3 Rf7 21. Nd2 Re7 22. a4 a6 23. a5 Rb8 24. Rxe7+ Bxe7 25. Re6 Ra8 26.
Nf1 f4 27. Nd2 g4 28. hxg4 hxg4 29. Ne4 f5 30. Nf6+ Bxf6 31. Rxf6 g3 32.
Rxf5 gxf2 33. Rxf4 Kd6 34. Rxf2 Kxd5 35. Ka2 Rg8 36. Rf6 Rxg2 37. Rxa6 Rg4
38. Kb1 Rg1+ 39. Kc2 c4 40. Ra8 Kc6 41. a6 Kb6 42. a7 Rg5 1/2-1/2

[Event "Petrosian Mem"]
[Site "Stepanakert AZE"]
[Date "2004.03.10"]
[Round "2"]
[White "Sveshnikov,E"]
[Black "Petrosian,TL"]
[Result "1-0"]
[WhiteElo "2557"]
[BlackElo "2477"]
[EventDate "2004.03.09"]

1. e4 e5 2. Nf3 Nf6 3. Nxe5 d6 4. Nf3 Nxe4 5. Nc3 Nxc3 6. dxc3 Be7 7. Bf4
O-O 8. Qd2 Nd7 9. O-O-O Re8 10. Nd4 Bf6 11. f3 Ne5 12. Kb1 Bd7 13. Bg3 a6
14. f4 Ng4 15. Bd3 c5 16. Nf3 c4 17. Bxc4 Ne3 18. Bb3 Nxd1 19. Rxd1 Bc6 20.
Ng5 d5 21. Nf3 a5 22. a4 Re4 23. Ne5 Bxe5 24. fxe5 Qd7 25. Qf2 Qg4 26. Rd2
h5 27. h3 Qg5 28. Rd3 h4 29. Bh2 Re8 30. Rf3 Re7 31. Bf4 Qh5 32. Qc5 Rd7
33. Qxa5 Re2 34. Rd3 Rxg2 35. Ka2 Qf5 36. Qb4 Re2 37. Be3 Qxh3 38. Bd4 Qf1
39. Qa5 b5 40. Qb6 b4 41. Qxc6 Rd8 42. Bxd5 b3+ 43. Bxb3 Re1 44. Ka3 Rb8
45. Qf3 Ra1+ 46. Ba2 Rxa2+ 47. Kxa2 Qc1 48. c4 Qxc2 49. Qd1 Qxc4+ 50. b3
Qe6 51. Bb2 Rb4 52. Rd8+ Kh7 53. Qh5+ Qh6 54. Qxf7 Rb6 55. e6 1-0

[Event "Petrosian Mem"]
[Site "Stepanakert AZE"]
[Date "2004.03.10"]
[Round "2"]
[White "Pelletier,Y"]
[Black "Sargissian,G"]
[Result "1/2-1/2"]
[WhiteElo "2587"]
[BlackElo "2618"]
[EventDate "2004.03.09"]

1. Nf3 Nf6 2. c4 e6 3. Nc3 d5 4. d4 dxc4 5. e4 Bb4 6. Bg5 c5 7. Bxc4 cxd4
8. Nxd4 Bxc3+ 9. bxc3 Qa5 10. Bb5+ Bd7 11. Bxf6 gxf6 12. Qb3 O-O 13. O-O
Bxb5 14. Nxb5 Nc6 15. c4 Rad8 16. Qg3+ Kh8 17. Qh4 Kg7 18. Qg3+ Kh8 1/2-1/2

[Event "Petrosian Mem"]
[Site "Stepanakert AZE"]
[Date "2004.03.10"]
[Round "2"]
[White "Macieja,B"]
[Black "Anastasian,A"]
[Result "1/2-1/2"]
[WhiteElo "2653"]
[BlackElo "2587"]
[EventDate "2004.03.09"]

1. e4 e6 2. d4 d5 3. Nd2 dxe4 4. Nxe4 Nd7 5. Nf3 Ngf6 6. Bd3 Nxe4 7. Bxe4
Nf6 8. Bg5 Qd6 9. Bxf6 gxf6 10. c3 f5 11. Bc2 Bd7 12. Ne5 Bg7 13. f4 Bxe5
14. fxe5 Qd5 15. Qf3 Bc6 16. Qxd5 Bxd5 17. O-O Ke7 18. Bb3 Be4 19. Bd1 Rag8
20. Bf3 Bxf3 21. Rxf3 Rg4 22. Re1 Rhg8 23. Re2 h5 24. h3 R4g5 25. Kh2 c6
26. a4 a5 27. Rd2 Rd8 28. Rg3 Rxg3 29. Kxg3 f6 30. Re2 fxe5 31. dxe5 Kf7
32. Kh4 Kg6 33. Re3 Rd2 34. Rg3+ Kh6 35. Rg5 Rxb2 36. Rxh5+ Kg6 37. Rg5+
Kf7 38. Kh5 b5 39. axb5 cxb5 40. Kh6 f4 41. Rg7+ Ke8 42. g4 fxg3 43. Rxg3
a4 44. Rg7 Rh2 45. Rb7 Rxh3+ 46. Kg5 Rxc3 47. Rxb5 Kd7 48. Ra5 Rg3+ 49. Kf4
Ra3 50. Kg5 Rg3+ 1/2-1/2

[Event "Petrosian Mem"]
[Site "Stepanakert AZE"]
[Date "2004.03.10"]
[Round "2"]
[White "Ghaem Maghami,E"]
[Black "Pashikian,A"]
[Result "1-0"]
[WhiteElo "2549"]
[BlackElo "2451"]
[EventDate "2004.03.09"]

1. e4 e5 2. Nf3 Nf6 3. Nxe5 d6 4. Nf3 Nxe4 5. c4 Nc6 6. Nc3 Nxc3 7. bxc3
Be7 8. d4 Bg4 9. Bd3 Bh5 10. Rb1 Qc8 11. O-O O-O 12. Re1 Bf6 13. Bf4 Bg6
14. Bg5 Bxg5 15. Nxg5 Bxd3 16. Qxd3 g6 17. Qf3 Rb8 18. Ne4 f6 19. h4 Kg7
20. c5 Qd7 21. h5 Rbe8 22. cxd6 cxd6 23. Qf4 Rd8 24. hxg6 hxg6 25. Re3 g5
26. Rg3 Kh8 27. Qf3 Qe7 28. Qh5+ Qh7 29. Rh3 Qxh5 30. Rxh5+ Kg7 31. Rxb7+
Rf7 32. Rh7+ 1-0

[Event "Petrosian Mem"]
[Site "Stepanakert AZE"]
[Date "2004.03.10"]
[Round "2"]
[White "Asrian,K"]
[Black "Kobalia,M"]
[Result "1-0"]
[WhiteElo "2599"]
[BlackElo "2643"]
[EventDate "2004.03.09"]

1. e4 c5 2. Nf3 d6 3. d4 cxd4 4. Nxd4 Nf6 5. Nc3 a6 6. Be3 e5 7. Nb3 Be6 8.
f3 Nbd7 9. g4 Nb6 10. g5 Nh5 11. Qd2 Rc8 12. O-O-O Be7 13. Kb1 O-O 14. Rg1
g6 15. h4 Qc7 16. Qf2 Nc4 17. Bxc4 Qxc4 18. Na5 Qc7 19. Bb6 Qd7 20. Qd2
Rfe8 21. Nd5 Bf8 22. Rh1 Bxd5 23. Qxd5 Rb8 24. Qb3 Rbc8 25. Nc4 Rc6 26. Ne3
Nf4 27. Ng4 Bg7 28. Be3 Rec8 29. Rh2 Qe7 30. Rhd2 Ne6 31. c3 b5 32. Qa3 Rd8
33. Bf2 f6 34. gxf6 Bxf6 35. Rh1 Nf4 36. Ne3 Bg7 37. Qb3+ Kh8 38. h5 Nxh5
39. Bh4 Nf6 40. Nd5 Qf8 41. Rdh2 Nh5 42. Bxd8 Qxd8 43. f4 exf4 44. Nxf4 Be5
45. Qf7 Bxf4 46. Qxf4 Qe7 47. Qf3 Rc4 48. Rh4 Kg7 49. Rf1 Rc7 50. e5 Rc8
51. exd6 Qxd6 52. Qf7+ Kh6 53. Rxh5+ Kxh5 54. Qxh7+ 1-0

[Event "Petrosian Mem"]
[Site "Stepanakert AZE"]
[Date "2004.03.11"]
[Round "3"]
[White "Petrosian,TL"]
[Black "Ghaem Maghami,E"]
[Result "1-0"]
[WhiteElo "2477"]
[BlackElo "2549"]
[EventDate "2004.03.09"]

1. e4 c5 2. Nf3 d6 3. Nc3 a6 4. d4 cxd4 5. Nxd4 Nf6 6. Rg1 e5 7. Nb3 Be6 8.
g4 d5 9. exd5 Nxd5 10. Nxd5 Bxd5 11. Rg3 Nc6 12. Rd3 Nb4 13. Rd2 Bxb3 14.
axb3 Qc8 15. c3 Nc6 16. Qf3 Be7 17. Bc4 O-O 18. Rd5 Qe6 19. Be3 e4 20. Qf5
Qxf5 21. gxf5 Bf6 22. Rd7 Rab8 23. Bd5 Ne5 24. Rxb7 Nd3+ 25. Ke2 Nxb2 26.
Bxf7+ Kh8 27. Rxb8 Rxb8 28. Bd4 Bxd4 29. cxd4 Rb6 30. Bc4 Nd3 31. Rxa6 Rxa6
32. Bxa6 1-0

[Event "Petrosian Mem"]
[Site "Stepanakert AZE"]
[Date "2004.03.11"]
[Round "3"]
[White "Kobalia,M"]
[Black "Sveshnikov,E"]
[Result "1-0"]
[WhiteElo "2643"]
[BlackElo "2557"]
[EventDate "2004.03.09"]

1. d4 d5 2. c4 e6 3. Nc3 c6 4. e4 dxe4 5. Nxe4 Bb4+ 6. Bd2 Qxd4 7. Bxb4
Qxe4+ 8. Be2 Na6 9. Ba5 b6 10. Qd6 Bb7 11. O-O-O c5 12. Qd7+ Kf8 13. Qd6+
Ke8 14. Bc3 Nb4 15. Bxb4 cxb4 16. Nf3 Nf6 17. Ne5 Rc8 18. Bf3 Qf4+ 19. Kb1
Bxf3 20. gxf3 g5 21. Rd4 Qf5+ 22. Ka1 h5 23. Nc6 1-0

[Event "Petrosian Mem"]
[Site "Stepanakert AZE"]
[Date "2004.03.11"]
[Round "3"]
[White "Sargissian,G"]
[Black "Macieja,B"]
[Result "1/2-1/2"]
[WhiteElo "2618"]
[BlackElo "2653"]
[EventDate "2004.03.09"]

1. d4 Nf6 2. c4 e6 3. Nf3 b6 4. g3 Ba6 5. Qb3 Nc6 6. Nbd2 Na5 7. Qc3 c5 8.
dxc5 bxc5 9. e4 Bb7 10. e5 Ne4 11. Nxe4 Bxe4 12. Bg2 Be7 13. O-O Nc6 14.
Nd2 Bg6 15. Re1 Qc7 16. Ne4 O-O 17. Bf4 Rab8 18. Rad1 Nd4 19. b3 Bxe4 20.
Rxe4 d6 21. Rexd4 cxd4 22. Qxd4 dxe5 23. Bxe5 Qa5 24. Bxb8 Rxb8 25. Qd2 Bb4
26. Qe2 Rd8 27. Bf3 Rxd1+ 28. Qxd1 g6 29. Kg2 Bc5 30. Qe2 Qc3 31. Bc6 h5
32. Qf3 Qxf3+ 33. Kxf3 a5 34. Ke2 Kf8 35. f3 Ke7 36. Kd3 Bg1 37. h3 1/2-1/2

[Event "Petrosian Mem"]
[Site "Stepanakert AZE"]
[Date "2004.03.12"]
[Round "4"]
[White "Asrian,K"]
[Black "Sargissian,G"]
[Result "0-1"]
[WhiteElo "2599"]
[BlackElo "2618"]
[EventDate "2004.03.09"]

1. e4 e5 2. Nf3 Nc6 3. Bb5 a6 4. Ba4 Nf6 5. O-O Be7 6. Re1 b5 7. Bb3 O-O 8.
a4 b4 9. d3 d6 10. a5 Be6 11. Nbd2 Qc8 12. Bc4 Re8 13. Nf1 Qb7 14. b3 Bf8
15. Bb2 Nd8 16. Ng3 Bxc4 17. dxc4 Ne6 18. Bc1 g6 19. Bd2 Bg7 20. Ra4 c5 21.
Bg5 Nd7 22. h4 Nb8 23. h5 Nc6 24. Qd2 Nxg5 25. Qxg5 Nd4 26. Ra2 Qe7 27. Qe3
Qe6 28. Qd3 Qg4 29. Raa1 Bh6 30. Nxd4 exd4 31. Qf3 Qf4 32. hxg6 hxg6 33.
Qxf4 Bxf4 34. Nf1 Re6 35. f3 Rae8 36. Kf2 Kg7 37. Rad1 Re5 38. g3 Bh6 39.
Ra1 Rh5 40. Rad1 Rhe5 41. Ra1 Rh5 42. Rad1 Kf6 43. Kg2 Rh8 44. f4 Bg7 45.
Rd3 Ke6 46. Re2 g5 47. Rf2 Bf6 48. f5+ Ke7 49. Kf3 Be5 50. Rg2 Rh1 51. Ke2
g4 52. Ke1 Bf6 53. Rdd2 Bg5 54. Rdf2 Kf6 55. Ke2 Ke5 56. Kd3 R8h6 57. f6
Rxf6 58. Rxf6 Kxf6 59. Nh2 Ke6 60. Nxg4 Ra1 61. Rh2 Rxa5 62. Rh1 Ra3 63.
Nf2 a5 64. e5 dxe5 65. Ne4 Be7 66. g4 a4 67. Nd2 axb3 68. Nxb3 Ra8 69. Rh6+
f6 70. g5 Kf5 71. gxf6 e4+ 72. Ke2 Bxf6 73. Nxc5 Ra2 74. Kd1 Ra1+ 75. Ke2
Rc1 76. Rxf6+ Kxf6 77. Kd2 Rh1 78. Nxe4+ Ke5 79. Nc5 Rh3 80. Nd3+ Kd6 81.
Nxb4 Kc5 82. Nd3+ Kxc4 83. Ne5+ Kd5 84. Nd3 Rh8 85. Nf4+ Kc4 86. Ne2 Rh2
87. Kd1 Kd5 88. Nc1 Ke4 89. Nb3 Ke3 90. Kc1 Rh7 91. Nc5 Rh5 92. Nd3 Rh1+
93. Kb2 Rh8 94. Kc1 Rh1+ 95. Kb2 Rh7 96. Kc1 Rh5 97. Nb4 Rf5 98. Nd3 Rf1+
99. Kb2 Kd2 100. Kb3 Rf3 101. Kb4 Rxd3 0-1

[Event "Petrosian Mem"]
[Site "Stepanakert AZE"]
[Date "2004.03.12"]
[Round "4"]
[White "Ghaem Maghami,E"]
[Black "Pelletier,Y"]
[Result "1/2-1/2"]
[WhiteElo "2549"]
[BlackElo "2587"]
[EventDate "2004.03.09"]

1. e4 c5 2. Nf3 d6 3. d4 cxd4 4. Nxd4 Nf6 5. Nc3 a6 6. g3 e5 7. Nde2 Nbd7
8. Bg2 b5 9. h3 Bb7 10. g4 Nb6 11. g5 Nfd7 12. Ng3 Rc8 13. a3 g6 14. h4 h5
15. gxh6 Bxh6 16. Bxh6 Rxh6 17. h5 Nf6 18. Qd2 Rh8 19. hxg6 Rxh1+ 20. Bxh1
fxg6 21. O-O-O Nc4 22. Qh6 Kf7 23. Nd5 Bxd5 24. exd5 Qh8 25. Qg5 Qh2 26.
Be4 Rg8 27. Rf1 Nh7 28. Qg4 Qh6+ 29. f4 Nf8 30. Qg5 Qxg5 31. fxg5+ Ke7 32.
Rh1 Rg7 33. b3 Nb6 34. Kd2 Rh7 35. Kd3 Rxh1 36. Nxh1 Nh7 37. Bxg6 Nxg5 38.
Be4 Nxe4 39. Kxe4 Nd7 40. Ke3 Nb6 41. Ke4 Nd7 42. Ke3 Nf6 43. c4 Nd7 44.
Ng3 1/2-1/2

[Event "Petrosian Mem"]
[Site "Stepanakert AZE"]
[Date "2004.03.12"]
[Round "4"]
[White "Petrosian,TL"]
[Black "Kobalia,M"]
[Result "1-0"]
[WhiteElo "2477"]
[BlackElo "2643"]
[EventDate "2004.03.09"]

1. e4 c5 2. Nc3 e6 3. Nf3 a6 4. g3 b5 5. d4 cxd4 6. Nxd4 Bb7 7. Bg2 Nf6 8.
Qe2 Qb6 9. Nb3 Qc7 10. O-O d6 11. a4 b4 12. Na2 Nc6 13. Bd2 a5 14. Rfc1 Be7
15. c3 bxc3 16. Nxc3 O-O 17. Nd5 Qd8 18. Nxf6+ Bxf6 19. Qb5 Bxb2 20. Nxa5
Bxc1 21. Nxb7 Nd4 22. Qd3 Qb6 23. Rxc1 Rxa4 24. Na5 e5 25. Nc4 Qb5 26. Be3
Rc8 27. Bxd4 exd4 28. Bf1 Qc5 29. Rc2 Rc7 30. Ne3 Qa7 31. Rxc7 Qxc7 32. Nf5
Qc5 33. Qb3 Rb4 34. Qa2 Rb8 35. Qd2 g6 36. Nh6+ Kg7 37. h4 Rb1 38. Ng4 Qc1
39. Qxd4+ 1-0

[Event "Petrosian Mem"]
[Site "Stepanakert AZE"]
[Date "2004.03.12"]
[Round "4"]
[White "Macieja,B"]
[Black "Pashikian,A"]
[Result "0-1"]
[WhiteElo "2653"]
[BlackElo "2451"]
[EventDate "2004.03.09"]

1. e4 e5 2. Nf3 Nf6 3. Nxe5 d6 4. Nf3 Nxe4 5. d4 d5 6. Bd3 Bd6 7. O-O O-O
8. c4 c6 9. a3 Na6 10. Qc2 f5 11. Nc3 Nc7 12. c5 Be7 13. Ne2 Bf6 14. b4 Ne6
15. Bb2 Qc7 16. b5 Bd7 17. Rab1 Be8 18. bxc6 bxc6 19. Nd2 Bg5 20. Nb3 Bh5
21. Ng3 Bg6 22. Bc1 Nf4 23. Bxf4 Bxf4 24. Rfe1 Bg5 25. Nf1 Bh4 26. Re2 a5
27. Nbd2 Bf6 28. Nf3 Bh5 29. Ng3 Bg4 30. Rb6 Rab8 31. Rxb8 Rxb8 32. Nf1
Bxf3 33. gxf3 Ng5 34. Nd2 Nh3+ 35. Kh1 Nf4 36. Re1 Bxd4 37. Bxf5 g6 38. Nb3
Bf6 39. Bd3 a4 40. Nc1 Qa5 41. Qd1 Qxc5 42. Rf1 Qxa3 43. Bc2 Qc3 44. Na2
Qc4 0-1

[Event "Petrosian Mem"]
[Site "Stepanakert AZE"]
[Date "2004.03.12"]
[Round "4"]
[White "Sveshnikov,E"]
[Black "Anastasian,A"]
[Result "1/2-1/2"]
[WhiteElo "2557"]
[BlackElo "2587"]
[EventDate "2004.03.09"]

1. e4 e5 2. Nf3 Nf6 3. Nxe5 d6 4. Nf3 Nxe4 5. Qe2 Qe7 6. d3 Nf6 7. Nc3
Qxe2+ 8. Bxe2 Be7 9. O-O O-O 10. Re1 Nc6 11. Nb5 Bd8 12. Bg5 a6 13. Bxf6
axb5 14. Bxd8 Rxd8 15. a3 Bd7 16. c3 Ne7 17. Nd4 c6 18. Bf3 Kf8 19. Re3 c5
20. Nc2 Bc6 21. Bxc6 1/2-1/2

[Event "Petrosian Mem"]
[Site "Stepanakert AZE"]
[Date "2004.03.13"]
[Round "5"]
[White "Anastasian,A"]
[Black "Petrosian,TL"]
[Result "1/2-1/2"]
[WhiteElo "2587"]
[BlackElo "2477"]
[EventDate "2004.03.09"]

1. Nf3 Nf6 2. c4 g6 3. b4 Bg7 4. Bb2 O-O 5. e3 c5 6. bxc5 Qa5 7. Be2 Na6 8.
Bc3 Qxc5 9. O-O Qc7 10. d3 d6 11. a4 Nc5 12. Nbd2 e5 13. Qc2 Bf5 14. Rfd1
Rac8 15. a5 Rfe8 16. e4 Bd7 17. Nf1 Nh5 18. g3 Bc6 19. Ne3 Qd7 20. Qa2 Nf6
21. Bb4 Qc7 22. Qa3 Nfd7 23. Nd2 Rf8 24. Bg4 Qd8 25. Bh3 Qg5 26. Bxc5 dxc5
27. Nf3 Qh6 28. Bg2 f5 29. Nd5 Rce8 30. exf5 Bxd5 31. cxd5 e4 32. dxe4 Bxa1
33. Qxa1 Rxe4 34. fxg6 hxg6 35. d6 Qg7 36. Qa2+ c4 37. Qc2 Rfe8 38. Bf1 Qf6
39. Kg2 Kg7 40. h4 b5 41. axb6 axb6 42. Rd5 c3 43. Rg5 Rf8 44. Qxe4 Qxf3+
45. Qxf3 Rxf3 46. Kxf3 c2 47. Bb5 c1=Q 48. Bxd7 Qh1+ 49. Ke3 Qe1+ 50. Kf3
Qh1+ 51. Kf4 Kf6 52. Bb5 Qc1+ 53. Ke4 Qe1+ 54. Kd5 Qh1+ 55. Kd4 Qa1+ 56.
Ke3 Qe1+ 57. Be2 Qc1+ 58. Ke4 Qe1 59. Kf3 Qh1+ 60. Kf4 Qc1+ 61. Kg4 Qc8+
62. Kf3 Qc6+ 63. Ke3 Qc1+ 64. Kd3 Qb1+ 65. Kd4 Qb2+ 1/2-1/2

[Event "Petrosian Mem"]
[Site "Stepanakert AZE"]
[Date "2004.03.13"]
[Round "5"]
[White "Pashikian,A"]
[Black "Asrian,K"]
[Result "0-1"]
[WhiteElo "2451"]
[BlackElo "2599"]
[EventDate "2004.03.09"]

1. e4 d5 2. exd5 Nf6 3. d4 Bg4 4. Nf3 Qxd5 5. Nc3 Qh5 6. Be3 Nc6 7. Bb5 e6
8. a3 a6 9. Bxc6+ bxc6 10. Qe2 Rb8 11. O-O-O Bd6 12. h3 Bxf3 13. Qxf3 Qxf3
14. gxf3 Nd5 15. Ne4 O-O 16. c4 Nxe3 17. fxe3 Rb3 18. Rhe1 Rfb8 19. Re2 Kf8
20. f4 Be7 21. Nf2 c5 22. dxc5 Bxc5 23. Nd3 Be7 24. Ne5 R8b7 25. Nc6 R3b6
26. Nxe7 Kxe7 27. c5 Rc6 28. b4 a5 29. Rd4 axb4 30. axb4 Ra6 31. Kb2 c6 32.
Red2 h5 33. Kb3 h4 34. Rd6 Rba7 35. Kc4 Rc7 36. b5 Ra4+ 37. Kb3 cxb5 38.
Rb6 Rc4 39. Rxb5 R4xc5 40. Rxc5 Rxc5 41. Rg2 Rc1 42. Rg4 Re1 43. Rxh4 Rxe3+
44. Kc4 Re4+ 45. Kd3 f5 0-1

[Event "Petrosian Mem"]
[Site "Stepanakert AZE"]
[Date "2004.03.14"]
[Round "6"]
[White "Asrian,K"]
[Black "Pelletier,Y"]
[Result "1-0"]
[WhiteElo "2599"]
[BlackElo "2587"]
[EventDate "2004.03.09"]

1. e4 c5 2. Nf3 d6 3. d4 cxd4 4. Nxd4 Nf6 5. Nc3 a6 6. Be3 e6 7. Be2 Be7 8.
O-O O-O 9. a4 Re8 10. f4 Nc6 11. Kh1 Qc7 12. Bf3 Rb8 13. Qd2 Na5 14. b3 Rd8
15. Ncb5 axb5 16. Nxb5 Qc6 17. Qxa5 Nxe4 18. Bb6 1-0

[Event "Petrosian Mem"]
[Site "Stepanakert AZE"]
[Date "2004.03.14"]
[Round "6"]
[White "Ghaem Maghami,E"]
[Black "Macieja,B"]
[Result "1/2-1/2"]
[WhiteElo "2549"]
[BlackElo "2653"]
[EventDate "2004.03.09"]

1. e4 c5 2. Nf3 d6 3. c3 Nf6 4. Bd3 Nc6 5. Bc2 Bg4 6. O-O e6 7. h3 Bh5 8.
d3 Be7 9. Re1 O-O 10. Nbd2 d5 11. Qe2 b5 12. g4 Bg6 13. Nh4 Qc7 14. Ndf3
Nd7 15. Nxg6 hxg6 16. e5 b4 17. c4 dxc4 18. dxc4 Nd4 19. Nxd4 cxd4 20. Bf4
Nc5 21. Rad1 Rfd8 22. Bd3 b3 23. a3 a5 24. Qf3 a4 25. Bd2 Nxd3 26. Qxd3 Ra6
27. Bb4 Rc6 28. Bxe7 1/2-1/2

[Event "Petrosian Mem"]
[Site "Stepanakert AZE"]
[Date "2004.03.14"]
[Round "6"]
[White "Kobalia,M"]
[Black "Anastasian,A"]
[Result "1/2-1/2"]
[WhiteElo "2643"]
[BlackElo "2587"]
[EventDate "2004.03.09"]

1. e4 e6 2. d4 d5 3. Nd2 c5 4. exd5 exd5 5. Bb5+ Nc6 6. Ngf3 cxd4 7. Nxd4
Bd7 8. N2b3 Bd6 9. O-O Nge7 10. Nxc6 bxc6 11. Bd3 O-O 12. c4 Qc7 13. h3
dxc4 14. Bxc4 Rad8 15. Bd2 Nc8 16. Qc2 Nb6 17. Bd3 h6 18. Rac1 Be6 19. Ba5
c5 20. Bh7+ Kh8 21. Bf5 Bxf5 22. Qxf5 Rfe8 23. Rfe1 c4 24. Nd2 Re5 25. Rxe5
Bxe5 26. Qc2 Bh2+ 27. Kh1 Bf4 28. Rf1 Qc5 29. Bc3 Rd3 30. Nf3 Qc6 31. Qe2
Nd5 32. Qe4 Qe6 33. Qxe6 fxe6 34. Ba5 Kg8 35. Kg1 Kf7 36. Re1 c3 37. bxc3
Nxc3 38. Bxc3 Rxc3 39. Nd4 Bc7 40. Nb5 Rc5 41. Nxc7 1/2-1/2

[Event "Petrosian Mem"]
[Site "Stepanakert AZE"]
[Date "2004.03.14"]
[Round "6"]
[White "Petrosian,TL"]
[Black "Sargissian,G"]
[Result "1/2-1/2"]
[WhiteElo "2477"]
[BlackElo "2618"]
[EventDate "2004.03.09"]

1. Nc3 d5 2. e4 dxe4 3. Nxe4 Nd7 4. Nf3 Ngf6 5. Nxf6+ Nxf6 6. d4 Bg4 7. h3
Bh5 8. g4 Bg6 9. Bg2 e6 10. Ne5 c6 11. O-O Nd7 12. Nc4 h5 13. g5 Nb6 14.
Ne5 Bf5 15. a4 a5 16. c4 Be7 17. Qe2 Bxg5 18. d5 cxd5 19. cxd5 O-O 20. dxe6
Bxe6 21. Qxh5 Bxc1 22. Raxc1 Qf6 23. Bxb7 Rab8 24. Be4 g6 25. Ng4 Qh8 26.
Qxa5 Nd7 27. Bg2 Qh4 28. Qd2 Bxg4 29. Qf4 Ne5 30. Qxe5 Be6 31. Rcd1 Qxa4
32. Rd4 Rb4 33. Rfd1 Rxd4 34. Qxd4 Qb5 35. Qf6 Qb3 36. Rd8 Rxd8 37. Qxd8+
Kg7 38. Qd4+ Kg8 39. h4 Kh7 40. Kh2 Qb8+ 41. Kg1 Qb3 42. Be4 Qh3 43. Bd5
Bxd5 44. Qxd5 Qg4+ 45. Kf1 Kg8 46. Qg5 Qd4 47. h5 1/2-1/2

[Event "Petrosian Mem"]
[Site "Stepanakert AZE"]
[Date "2004.03.15"]
[Round "7"]
[White "Sargissian,G"]
[Black "Kobalia,M"]
[Result "1/2-1/2"]
[WhiteElo "2618"]
[BlackElo "2643"]
[EventDate "2004.03.09"]

1. d4 d5 2. c4 c6 3. Nf3 Nf6 4. e3 a6 5. Nc3 e6 6. c5 b6 7. cxb6 Nbd7 8.
Na4 Nxb6 9. Bd2 Nbd7 10. Rc1 Bb7 11. b4 Ne4 12. Nc5 Bxc5 13. bxc5 a5 14.
Rb1 Qc8 15. Qb3 Ba6 16. Bxa6 Qxa6 17. Qb7 Qxb7 18. Rxb7 Kd8 19. Ke2 f6 20.
Rhb1 e5 21. a4 g5 22. Be1 h5 23. h3 h4 24. Nh2 exd4 25. exd4 f5 26. Nf1 Re8
27. Kd1 f4 28. Nh2 Kc8 29. Ng4 Re6 30. R7b2 Kc7 31. Re2 Ree8 32. f3 Nef6
33. Rxe8 Nxe8 34. Nh6 Ng7 35. Bc3 Nf8 36. Nf7 Nfe6 37. Nd6 Nd8 38. Kd2 Nge6
39. Re1 Kd7 40. Re5 Ke7 41. Rf5 Ra6 42. Kc2 Ra8 43. Kd3 Ra6 44. Kd2 Ra8 45.
Kc2 Ra6 46. Nc8+ Kd7 47. Nb6+ Ke7 48. Kd3 Ke8 49. Rf6 Ke7 50. Rh6 Nf7 51.
Nc8+ Kd7 52. Rh7 Kxc8 53. Rxf7 Kd8 54. Rh7 Ke8 55. Rh8+ Kd7 56. Be1 Ke7 57.
Rh7+ Ke8 58. Rh8+ Kd7 1/2-1/2

[Event "Petrosian Mem"]
[Site "Stepanakert AZE"]
[Date "2004.03.15"]
[Round "7"]
[White "Pashikian,A"]
[Black "Petrosian,TL"]
[Result "1/2-1/2"]
[WhiteElo "2451"]
[BlackElo "2477"]
[EventDate "2004.03.09"]

1. e4 e5 2. Nf3 Nc6 3. Bb5 a6 4. Ba4 g6 5. O-O Bg7 6. c3 d6 7. d4 Bd7 8.
dxe5 Nxe5 9. Nxe5 dxe5 10. Be3 Nf6 11. f3 O-O 12. Bxd7 Nxd7 13. Na3 Qe7 14.
Nc4 Qe6 15. Qb3 a5 16. Na3 Qa6 17. Rfd1 Rfd8 18. Qb5 Qxb5 19. Nxb5 Rac8 20.
Kf2 f5 21. Ke2 fxe4 22. fxe4 Nf6 23. Rxd8+ Rxd8 24. Nxc7 Nxe4 25. Rd1 Rxd1
26. Kxd1 a4 27. Kc2 Bf8 28. Ne6 Be7 29. Kd3 Nd6 30. Nc5 b5 31. Ne4 Nc4 32.
b3 axb3 33. axb3 Na5 34. Bb6 Nc6 35. c4 b4 36. Nd2 Kf7 37. Ke4 Ke6 38. Nf3
h5 39. Bc7 Bd6 40. Bb6 Be7 41. h3 Bf6 42. Ne1 Bd8 43. Bxd8 Nxd8 44. Nf3 Nb7
45. Ng5+ 1/2-1/2

[Event "Petrosian Mem"]
[Site "Stepanakert AZE"]
[Date "2004.03.16"]
[Round "8"]
[White "Sveshnikov,E"]
[Black "Macieja,B"]
[Result "0-1"]
[WhiteElo "2557"]
[BlackElo "2653"]
[EventDate "2004.03.09"]

1. e4 c6 2. d4 d5 3. exd5 cxd5 4. Nf3 Nf6 5. Bf4 Bg4 6. c3 Bxf3 7. Qxf3 e6
8. Nd2 Nc6 9. Bd3 Bd6 10. Bg5 h6 11. Bh4 Be7 12. Qe2 Nd7 13. Bg3 Bh4 14.
Bxh4 Qxh4 15. O-O O-O 16. f4 Rae8 17. Nf3 Qd8 18. Rae1 a6 19. Kh1 f5 20.
Ne5 Qc8 21. Nxd7 Qxd7 22. Rf3 Rf6 23. Re3 Nd8 24. g4 fxg4 25. f5 h5 26. Re5
Re7 27. Kg1 Kf7 28. Qf2 Kf8 29. Qe3 Qe8 30. Qe2 Nf7 31. Rxe6 Rexe6 32. fxe6
Ng5 33. e7+ Kf7 34. Kh1 Nf3 35. Bc4 dxc4 36. Qxc4+ Kg6 37. Re3 Nh4 38. Kg1
Nf5 39. Re1 Nxe7 40. Qd3+ Kf7 41. Qc4+ Kf8 42. Qc7 Rf7 43. Qxb7 Qc6 44.
Qb8+ Qc8 45. Qd6 g6 46. d5 Qf5 47. Qb8+ Kg7 48. Qe5+ Qxe5 49. Rxe5 Nf5 50.
c4 Re7 51. Rxe7+ Nxe7 52. b4 Nxd5 53. cxd5 Kf6 54. a4 Ke5 55. b5 axb5 56.
axb5 Kxd5 0-1

[Event "Petrosian Mem"]
[Site "Stepanakert AZE"]
[Date "2004.03.16"]
[Round "8"]
[White "Petrosian,TL"]
[Black "Pelletier,Y"]
[Result "1/2-1/2"]
[WhiteElo "2477"]
[BlackElo "2587"]
[EventDate "2004.03.09"]

1. e4 c5 2. Nc3 d6 3. f4 g6 4. Nf3 Bg7 5. Bc4 Nc6 6. O-O e6 7. d3 Nge7 8.
Qe1 O-O 9. f5 gxf5 10. Qg3 fxe4 11. dxe4 Nd4 12. Nxd4 cxd4 13. Bh6 Ng6 14.
Bxg7 Kxg7 15. Nb5 e5 16. Qa3 Be6 17. Bxe6 fxe6 18. Rxf8 Kxf8 19. Rf1+ Kg8
20. Nxd6 Qb6 21. Rf2 Qc6 22. h4 Rf8 23. Rxf8+ Nxf8 24. h5 Nd7 25. Kh2 h6
26. Kh3 b5 27. Kh4 Kh7 28. Kh3 Kg8 29. Kh4 Kh7 30. Qg3 Qxd6 31. Qg6+ Kh8
32. Qxh6+ Kg8 33. Qg6+ Kf8 34. Qh6+ Kg8 35. Qg5+ Kf7 36. Qg6+ Kf8 37. Qh6+
1/2-1/2